000 01420nab a22002777a 4500
999 _c5656
_d5656
003 OSt
005 20251226110354.0
008 190429b xxu||||| |||| 00| 0 spa d
040 _cPJ
100 _96620
_aAlberich, Yésica
245 1 3 _aFirmeza y ejecutoriedad de las sentencias :
_bgarantías procesales y su impacto en la privación de la libertad /
_cYésica Alberich, Guido Adrián Palacín.
260 _cCiudad Autónoma de Buenos Aires :
_aThomson Reuters La Ley,
_b2025.
300 _ap. 154-159
500 _aCita: TR LALEY AR/DOC/1917/2025.
505 _aSumario: I. Antecedentes del caso.— II. Resumen del fallo.— III. Introducción.— IV. Firmeza de la sentencia, doble conforme y el principio de inocencia.— V. Conclusión.
505 _aFallo comentado: TCasación Penal, Buenos Aires, sala V ~ 18/02/2025 ~ C., M. A. s/ recurso de casación.
505 _tSi te interesa el texto completo, solicitalo a koha@justierradelfuego.gov.ar
650 0 _9343
_aDERECHO PENAL
650 0 _93074
_aPRESUNCIÓN DE INOCENCIA
650 0 _92954
_aLIBERTAD CONDICIONAL
650 0 _9179
_aGARANTIAS CONSTITUCIONALES ›
650 0 _92356
_aSENTENCIA FIRME
700 _96587
_aPalacín, Guido Adrián
_ecoautor
773 0 _02658
_93164
_tRevista de derecho penal y criminología. Nº 8 - Septiembre 2025
_dCiudad Autónoma de Buenos Aires : Thomson Reuters La Ley, 2017-
_x00347914
942 _2udc
_cANA